Educación y valores: sobre el sentido de la acción educativa en nuestro tiempo

Guardat en:
Dades bibliogràfiques
Autors principals: Bartolomé Pina, Margarita (Autor), Ferreiros, Pilar (Autor), Fondevila, José María (Autor), Morilla, Mercedes (Autor)
Autor corporatiu: Instituto de Estudios Pedagógicos Somosaguas (Autor), IEPS (Autor)
Format: Llibre
Idioma:espanyol
Publicat: Madrid Narcea 1985
Edició:4a. ed
Col·lecció:Educación Hoy
Matèries:
Etiquetes: Afegir etiqueta
Sense etiquetes, Sigues el primer a etiquetar aquest registre!

MARC

LEADER 00000nam a2200000 a 4500
001 UCW5644
003 CL-VaPUC
008 910715e19850000SP |||||||||||||||||spa|d
082 0 4 |a 370.114  |b BAR  |2 21 
100 0 |a Bartolomé Pina, Margarita  |e author  |9 310598 
700 0 |a Ferreiros, Pilar  |e author  |9 310599 
700 0 |a Fondevila, José María  |e author  |9 310600 
700 0 |a Morilla, Mercedes  |e author  |9 310601 
110 2 |a Instituto de Estudios Pedagógicos Somosaguas  |e author  |9 310602 
710 2 |a IEPS  |e author  |9 310603 
245 1 0 |a Educación y valores: sobre el sentido de la acción educativa en nuestro tiempo 
250 |a 4a. ed 
300 |a 254 p 
942 |c BK 
945 |d 19910715 00:00:00 
260 |a Madrid  |b Narcea  |c 1985 
650 0 |a Valores morales   |9 310604 
650 0 |a Educación moral  |9 308319 
650 0 |a Ética  |9 255099 
650 7 |a DESARROLLO MORAL  |2 CL-VaPUC  |9 310605 
650 0 |a Conceptos morales   |9 310606 
650 0 |a Comunicación   |9 257251 
583 |a last modification  |c 19910715 00:00:00  |k Rodrigo Vera 
490 0 |a Educación Hoy 
999 |c 218998  |d 218996 
952 |0 0  |1 0  |4 0  |6 370_114000000000000_BAR_1985  |7 0  |8 P  |9 209422  |a BIBEDU  |b BIBEDU  |c BIBEDU_PB  |d 2019-11-15  |i 2772949  |o 370.114 BAR 1985  |p 2772949  |r 2024-01-25  |w 2019-11-15  |y BK  |k EDU